16 Most Common K Words In English - Statistics

General Stats
  • This quiz has been taken 113 times
  • The average score is 9 of 16
Answer Stats
K % Correct
kill
85%
know
81%
kiss
75%
kind
70%
knee
67%
keep
66%
kid
66%
key
65%
king
63%
knife
57%
kick
52%
knowledge
48%
killer
45%
knock
41%
kitchen
35%
killing
34%
No matching quizzes found
Score Distribution
Percent of People with Each Score
Percentile by Number Answered
Your Score History
You have not taken this quiz